Оптимальное проектирование рабочей части режущих инструментов

Bibliografiske detaljer
Hovedforfatter: Петрушин С. И. Сергей Иванович
Institution som forfatter: Томский политехнический университет (ТПУ)
Summary:В монографии рассмотрена проблема оптимизация формы и материала режущей части лезвийных инструментов по критерию равного запаса надежности этих изделий. Предложены частные критерии оптимизации (равнопрочность лезвия, равномерное изнашивание и др.) и показаны пути решения задач проектирования рабочей части режущих инструментов высокого качества с экономически обоснованным сроком службы. Данная работа предназначена магистрантам, аспирантам и соискателям при подготовке магистерских, кандидатских и докторских диссертаций. Она может быть полезна при повышении квалификации инженерно-технических работников предприятий инструментальной промышленности, а также для углубления знаний студентам соответствующих специальностей. Печатается по постановлению редакционно-издательского совета Томского политехнического университета
Sprog:russisk
Udgivet: Томск, Изд-во ТПУ, 2008
Fag:
Format: MixedMaterials Bog
KOHA link:https://koha.lib.tpu.ru/cgi-bin/koha/opac-detail.pl?biblionumber=155622

MARC

LEADER 00000nam0a2200000 4500
001 155622
005 20231101221841.0
010 |a 5982982458 
035 |a (RuTPU)RU\TPU\book\168801 
090 |a 155622 
100 |a 20090318d2008 km y0rusy50 ca 
101 0 |a rus 
102 |a RU 
105 |a a z 001zy 
200 1 |a Оптимальное проектирование рабочей части режущих инструментов  |f С. И. Петрушин  |g Томский политехнический университет (ТПУ) 
210 |a Томск  |c Изд-во ТПУ  |d 2008 
215 |a 195 с.  |c ил. 
320 |a Библиогр.: с. 176-182. 
330 |a В монографии рассмотрена проблема оптимизация формы и материала режущей части лезвийных инструментов по критерию равного запаса надежности этих изделий. Предложены частные критерии оптимизации (равнопрочность лезвия, равномерное изнашивание и др.) и показаны пути решения задач проектирования рабочей части режущих инструментов высокого качества с экономически обоснованным сроком службы. Данная работа предназначена магистрантам, аспирантам и соискателям при подготовке магистерских, кандидатских и докторских диссертаций. Она может быть полезна при повышении квалификации инженерно-технических работников предприятий инструментальной промышленности, а также для углубления знаний студентам соответствующих специальностей. Печатается по постановлению редакционно-издательского совета Томского политехнического университета 
606 |a Режущие инструменты  |x Проектирование  |2 stltpush  |3 (RuTPU)RU\TPU\subj\24410 
610 1 |a металлорежущие инструменты 
610 1 |a оптимальное проектирование 
610 1 |a лезвия 
610 1 |a режущая часть 
610 1 |a форма 
610 1 |a оптимизация 
610 1 |a равнопрочность 
610 1 |a инструментальные материалы 
610 1 |a структура 
610 1 |a механические свойства 
610 1 |a анизотропия 
610 1 |a равномерное изнашивание 
610 1 |a труды учёных ТПУ 
675 |a 621.9.02.001.63  |v 3 
700 1 |a Петрушин  |b С. И.  |c специалист в области машиностроения  |c профессор Юргинского технологического института (филиала) Томского политехнического университета, доктор технических наук  |f 1949-  |g Сергей Иванович  |2 stltpush  |3 (RuTPU)RU\TPU\pers\24235  |9 10721 
712 0 2 |a Томский политехнический университет (ТПУ)  |c (1991- )  |2 stltpush  |3 (RuTPU)RU\TPU\col\376 
801 1 |a RU  |b 63413507  |c 20090318  |g PSBO 
801 2 |a RU  |b 63413507  |c 20151112  |g PSBO 
900 |a Проектирование и производство инструментов 
900 |a Проектирование и производство режущего инструмента 
900 |a Проектирование и производство режущих инструментов 
900 |a Оптимизация процессов резания и инструментов 
942 |c BK